| 000 | 00762cam0a2200217 4500 | ||
|---|---|---|---|
| 001 | 9440 | ||
| 010 | _a9973172760 | ||
| 090 | _a9440 | ||
| 099 | _tLIVR | ||
| 100 | _a20060221d1988 k y0frey50 fa | ||
| 101 | 0 |
_afre _aeng _aara |
|
| 102 | _aTN | ||
| 200 | 1 |
_aأدوات الحضارة _aLes outils de la civilisation _aTools of civilization _fDocteur Ahmed Dhieb _bLIVR |
|
| 210 |
_aBen Arous (Tunisie) _cÉd. Jim _d[1988] |
||
| 215 |
_a1 vol. (140 p.) _cill. en noir et en coul., couv. ill. en coul. _d24 cm |
||
| 606 |
_3027345955 _aChirurgie _xAppareils et matériel _925681 |
||
| 606 |
_3027807002 _aMatériel médical _xMédecine _xHistoire _925682 |
||
| 700 | 1 |
_3077229096 _aDhieb _bAhmed _4070 _925683 |
|
| 801 | 3 |
_aFR _bAbes _c20200127 _gAFNOR |
|
| 801 | 3 |
_aTN _b32Bis |
|
| 830 | _aABA | ||